| 000 | 01567nam a2200337 i 4500 | ||
|---|---|---|---|
| 003 | EG-ScBUE | ||
| 005 | 20230522102844.0 | ||
| 008 | 151122s2011 ua a grb 000 0dara d | ||
| 020 | _a69551187311 | ||
| 040 |
_aEG-ScBUE _bara _erda _cEG-ScBUE _dEG-ScBUE |
||
| 041 | 1 |
_aara _haze |
|
| 043 | _aa-aj--- | ||
| 082 | 0 | 4 |
_a746.794754 _bس ي ف _222 |
| 100 | 1 |
_aسيف الدين، تاقييفا رويا، _d1945- _eمؤلف. _938779 |
|
| 245 | 1 | 0 |
_aفن السجاد الأذربيجاني / _cتاقييفا رويا سيف الدين ؛ ترجمة عبد الرحمن عبد الرحمن الخميسي. |
| 246 | 3 | _aفن السجاد الآذربيجاني | |
| 250 | _aالطبعة الأولى. | ||
| 264 | 1 |
_a[مكان النشر غير محدد] : _b[اسم الناشر غير محدد]، _c2011. |
|
| 264 | 1 |
_aالقاهرة : _bمطابع دار التحرير للطباعة |
|
| 300 |
_a138 صفحة : _bإيضاحيات ملونة ؛ _c30 سم |
||
| 504 | _aيشتمل على إرجاعات ببليوجرافية. | ||
| 541 |
_cDonation ك _aShahla - Azarbaijan. |
||
| 546 | _aالعمل باللغة العربية مترجم من اللغة الآذربيجانية التركية. | ||
| 650 | 7 |
_aالسجاد _xتاريخ _zآذربيجان. _2BUEsh |
|
| 650 | 7 |
_aالسجاجيد _xصناعة وتجارة _zآذربيجان. _2BUEsh |
|
| 651 | _2BUEsh | ||
| 653 |
_bGGEN _cNovember2015 |
||
| 655 | _vReading book | ||
| 700 | 1 |
_aالخميسي، عبد الرحمن عبد الرحمن، _eمترجم. _938780 |
|
| 942 |
_2ddc _k746.794754 س ي ف |
||
| 999 |
_c21071 _d21043 |
||